Statistiques concernant Les 50 plus gros transferts de l'histoire

Cliquez ici pour prendre le quiz!

Statistiques générales

  • Ce quiz a été pris 704 fois
  • Le résultat moyen est 23 sur 50

Statistiques - réponses

Prix en M€JoueurClub acheteur% Correct
180MbappeParis
99%
222NeymarParis
99%
86,2NeymarBarcelone
99%
100RonaldoJuventus
97%
94RonaldoReal Madrid
97%
105PogbaMan United
89%
120GriezmannBarcelone
88%
105DembeleBarcelone
87%
120CoutinhoBarcelone
80%
120FelixAtletico
80%
99,7BaleReal Madrid
76%
100HazardReal Madrid
70%
75ZidaneReal Madrid
68%
87MaguireMan United
62%
82,5SuarezBarcelone
56%
84Van DijkLiverpool
56%
74De BruyneMan City
49%
85LukakuMan United
45%
90HiguainJuventus
44%
75Di MariaMan United
42%
63Di MariaParis
42%
64CavaniParis
41%
57,5MendyMan City
41%
70OscarShangai
41%
85,5De LigtJuventus
40%
66IbrahimovicBarcelone
40%
80HernandezBayern
39%
80PepeArsenal
37%
75De JongBarcelone
36%
80KepaChelsea
33%
68MahrezMan City
31%
70RodriMan City
31%
62,5SterlingMan City
29%
65LaporteMan City
28%
78RodriguezReal Madrid
25%
57WalkerMan City
25%
62,5AlissonLiverpool
24%
61,7FigoReal Madrid
24%
60MartialMan United
24%
65KakaReal Madrid
23%
65MorataChelsea
23%
65CanceloMan City
22%
63AubameyangArsenal
21%
58,5TorresChelsea
21%
65LemarAtlético
18%
60NdombeleTottenham
17%
60JovicReal Madrid
12%
70KeitaLiverpool
10%
64PulisicChelsea
8%
59FredMan United
7%

Distribution des résultats

Percentile par nombre de réponses

% des personnes avec chaque résultat

Votre développement - résultats

Vous n’avez pas pris ce quiz